High School Foreign Languages - Statistics

General Stats
  • This quiz has been taken 3,347 times
    2,682 since last reset
  • The average score is 7 of 8
Answer Stats
Language Learners Answer % Correct
6,418,331 Spanish
100%
1,254,243 French
99%
59,860 Chinese
97%
395,019 German
96%
72,845 Japanese
88%
65,058 Italian
86%
12,389 Russian
81%
205,158 Latin
58%
No matching quizzes found
Score Distribution
Percent of People with Each Score
Percentile by Number Answered
Your Score History
You have not taken this quiz since the last reset